Challenges for Indian higher education in the 21st century - a blueprint integrating quality and accountability (Record no. 95945)

000 -LEADER
fixed length control field 00592pab a2200205 454500
008 - FIXED-LENGTH DATA ELEMENTS--GENERAL INFORMATION
fixed length control field 180718b2012 xxu||||| |||| 00| 0 eng d
100 ## - MAIN ENTRY--PERSONAL NAME
Personal name Kapur, Vijay
245 ## - TITLE STATEMENT
Title Challenges for Indian higher education in the 21st century - a blueprint integrating quality and accountability
260 ## - PUBLICATION, DISTRIBUTION, ETC.
Date of publication, distribution, etc. 2012
300 ## - PHYSICAL DESCRIPTION
Extent p.151-160.
362 ## - DATES OF PUBLICATION AND/OR SEQUENTIAL DESIGNATION
Dates of publication and/or sequential designation Jan
650 ## - SUBJECT ADDED ENTRY--TOPICAL TERM
Topical term or geographic name entry element Educational accountability
650 ## - SUBJECT ADDED ENTRY--TOPICAL TERM
Topical term or geographic name entry element Educational quality
650 ## - SUBJECT ADDED ENTRY--TOPICAL TERM
Topical term or geographic name entry element Accountability
650 ## - SUBJECT ADDED ENTRY--TOPICAL TERM
Topical term or geographic name entry element Higher education - 21 century
650 ## - SUBJECT ADDED ENTRY--TOPICAL TERM
Topical term or geographic name entry element Higher education
773 ## - HOST ITEM ENTRY
Main entry heading Administration
908 ## - PUT COMMAND PARAMETER (RLIN)
Put command parameter N
909 ## -
-- 95945
Holdings
Withdrawn status Lost status Damaged status Not for loan Permanent Location Current Location Date acquired Serial Enumeration / chronology Barcode Date last seen Price effective from Koha item type
        Indian Institute of Public Administration Indian Institute of Public Administration 2018-07-19 Volume no: 52, Issue no: 1 AR96405 2018-07-19 2018-07-19 Articles

Powered by Koha